00688 2200265 4500001002100000005001700021008004100038035002400079090001500103100001100118245004800129250001100177260003000188300002400218500003000242500003100272650002300303850001500326980001500341985000600356999001500362999001500377999001500392999001500407YOGYA-0209000003601820090227025057.0 ind  0010-020900000036018 a910bSuw I aSuwadi aIlmu pengetahuan bumi dan antariksacSuwadi aCet. 2 aSurabayabBina Ilmuc1984 a...jilbilusc21 cm aYang diterima : Jil. 1, 2 aBibliografi : hlm. 234-236 aBumi dan antariksa aYOPDYOG(B) a10-23-2006 a4 a93P0041738 a93P0041739 a93P0041740 a93P0041741